| 000 | 00945cab a2200241 4500 | ||
|---|---|---|---|
| 001 | ABS67465 | ||
| 008 | 040126n2004 000 0 eng u | ||
| 035 | _a(Sirsi) u124912 | ||
| 245 | _aEnd of term reports | ||
| 260 | _c2004 | ||
| 490 |
_aRICS Business _vJanuary 2004, 26-27(2) |
||
| 520 | _aHighlights key outputs from the reports by RICS Policy Committees for the session ended 31 July 2003. Policy committees reporting are Education and Membership, Ethics, Conduct and Consumer Policy, Marketing, Public Affairs, Dispute Resolution and Research. | ||
| 590 | _aABS | ||
| 650 | _aRICS POLICY COMMITTEES | ||
| 650 | _aRICS EDUCATION AND MEMBERSHIP COMMITTEE | ||
| 650 | _aRICS ETHICS, CONDUCT AND CONSUMER POLICY COMMITTEE | ||
| 650 | _aRICS MARKETING POLICY COMMITTEE | ||
| 650 | _aRICS PUBLIC AFFAIRS COMMITTEE | ||
| 650 | _aRICS RESEARCH COMMITTEE | ||
| 650 | _aRICS DISPUTE RESOLUTION | ||
| 690 | _aRICS NEWS | ||
| 942 | _n0 | ||
| 999 |
_c74078 _d74078 |
||